Catálogo público

Handbook of monoclonal antibodies : (Record no. 201059)

MARC details
000 -CABECERA
campo de control de longitud fija 00734nam a2200253Ia 4500
001 - NÚMERO DE CONTROL
campo de control Para_2487
003 - IDENTIFICADOR DEL NÚMERO DE CONTROL
campo de control CHAP
008 - DATOS DE LONGITUD FIJA--INFORMACIÓN GENERAL
campo de control de longitud fija 220125s1985 xx 000 0 und d
010 ## - NÚMERO DE CONTROL DE LA BIBLIOTECA DEL CONGRESO
Número de control de LC 201059
040 ## - FUENTE DE LA CATALOGACIÓN
Centro/agencia transcriptor CHAP
082 ## - NÚMERO DE LA CLASIFICACIÓN DECIMAL DEWEY
Número de clasificación PA 574.193 F47
100 ## - ENTRADA PRINCIPAL--NOMBRE DE PERSONA
Nombre de persona Ferrone, Soldano
9 (RLIN) 40438
245 ## - MENCIÓN DE TÍTULO
Título Handbook of monoclonal antibodies :
Resto del título applications in biology and medicine /
Mención de responsabilidad, etc. by Soldano Ferrone, Manfred P. Dierich
260 ## - PUBLICACIÓN, DISTRIBUCIÓN, ETC.
Lugar de publicación, distribución, etc. Park Ridge, N. J. :
Nombre del editor, distribuidor, etc. Noyes Publications
300 ## - DESCRIPCIÓN FÍSICA
Extensión 477 p.
650 ## - PUNTO DE ACCESO ADICIONAL DE MATERIA--TÉRMINO DE MATERIA
Término de materia o nombre geográfico como elemento de entrada Antígenos y anticuerpos
9 (RLIN) 6080
901 ## - ELEMENTOS DE DATOS A LOCAL LDA (RLIN)
a PA 574.193 F47
902 ## - ELEMENTOS DE DATOS B LOCAL, LDB (RLIN)
a A
905 ## - ELEMENTOS DE DATOS E LOCAL, LDE (RLIN)
a 0000001985 PARa 0000000000 00
910 ## - DATOS DE OPCIÓN DEL USUARIO (OCLC)
Datos de opción del usuario 1985
942 ## - ELEMENTOS DE PUNTO DE ACCESO ADICIONAL (KOHA)
Tipo de ítem Koha Parasitologia_
942 ## - ELEMENTOS DE PUNTO DE ACCESO ADICIONAL (KOHA)
Tipo de ítem Koha Parasitologia_
-- 1
Holdings
Estado de retiro Estado de pérdida Fuente del sistema de clasificación o colocación Estado dañado Restricciones de uso No para préstamo Código de colección Localización permanente Ubicación/localización actual Fecha de adquisición Información codificada de la localización en otra ubicación Número de inventario Total de préstamos Signatura topográfica completa Código de barras Fecha visto por última vez Número de copia Precio válido a partir de Tipo de ítem Koha Nota pública
    Dewey Decimal Classification   Préstamo 3 días   General Parasitologia Agricola Parasitologia Agricola 27/10/2005 PARA (PA_107) (No. UACh C/E)   PA 574.193 F47 4102000218 25/01/2022 Ej.1 25/01/2022 Libro 3